|
|
|
|
| LEADER |
00000cam a2200000 7i4500 |
| 001 |
0000000921 |
| 005 |
20151222.0 |
| 008 |
070703 |
| 020 |
|
|
|a 9831351282(set)
|
| 020 |
|
|
|a 9831351363
|
| 090 |
0 |
0 |
|a JF
|b CT MAL (1050)
|
| 100 |
0 |
|
|a Amril Shah
|
| 245 |
1 |
0 |
|a Sesal dua orang sultan
|c Amril Shah
|
| 260 |
|
|
|a Selangor :
|b Pustaka Tintamas ,
|c 2005
|
| 440 |
|
|
|a Siri seri makyung
|
| 500 |
|
|
|a Children ages 7-9 years old (orange)
|
| 650 |
|
0 |
|a Folk literature, Malay
|
| 650 |
|
0 |
|a Folklore
|
| 999 |
|
|
|a 0000918096
|b Book
|c Children Collection
|e Cawangan Bukit Gambir
|
| 999 |
|
|
|a 0000918097
|b Book
|c Children Collection
|e Cawangan Bukit Gambir
|
| 999 |
|
|
|a 0000918098
|b Book
|c Children Collection
|e Cawangan Bukit Gambir
|
| 999 |
|
|
|a 0000928056
|b Book
|c Children Collection
|e Cawangan Tangkak
|
| 999 |
|
|
|a 0000928057
|b Book
|c Children Collection
|e Cawangan Tangkak
|
| 999 |
|
|
|a 0000928058
|b Book
|c Children Collection
|e Cawangan Tangkak
|
| 999 |
|
|
|a 0000957632
|b Book
|c Children Collection
|e Cawangan Bandar Tenggara
|
| 999 |
|
|
|a 0000957633
|b Book
|c Children Collection
|e Cawangan Kota Tinggi
|
| 999 |
|
|
|a 0000957635
|b Book
|c Children Collection
|e Cawangan Segamat
|
| 999 |
|
|
|a 0000957636
|b Book
|c Children Collection
|e Perbadanan Perpustakaan Awam Johor
|